000 00609nam a22001937a 4500
005 20251108165341.0
008 250721s1989 xx 000 0 ara d
082 1 4 _aم/012/إشب
100 1 _aالإشبيلي، محمد بن خير
245 1 0 _aفهرسة إبن خير /
264 1 _aالقاهره :
_bدار الكتاب المصري،
_c1989.
300 _a
490 0 _aالمكتبة الاندلسية ؛9 ؛10
650 1 7 _aالببليوغرافيات
650 1 7 _aالمؤلفات
700 1 _aالابياري، إبراهيم
_eتحقيق
942 _2ddc
_cREF
999 _c25744
_d25744